Statystyki dla 10 Największych miast Bawarii

Kliknij tutaj aby rozwiązać quiz!

Ogólne statystyki

  • Ten quiz został rozwiązany 88 razy
  • Średni wynik to 3 z 10

Statystyki odpowiedzi

MiejscePopulacjaMiasto% Poprawnych
11 487 708Monachium
97%
3296 478Augsburg
48%
2510 632Norymberga
48%
4153 542Ratyzbona
24%
5138 016Ingolstadt
20%
977 749Bamberg
14%
7123 933Würzburg
13%
6129 122Fürth
11%
1073 909Bayreuth
8%
8113 292Erlangen
8%

Rozkład punktacji

Percentyl według liczby udzielonych odpowiedzi

Procent ludzi z każdym wynikiem

Twoja historia wyników

Nie rozwiązałeś tego quizu